000 00249nam a2200097Ia 4500
001 719756
005 20250826163049.0
008 250824s9999 xx 000 0 und d
245 0 _aAŞKIN SANAL HALLERİ
_cCANAN TAN
260 _bALTIN KİTAPLAR YAYINLARI
999 _c719756
_d719756